Provinces of the Netherlands Quiz Stats

 Plays Quiz not verified by Sporcle

Support Sporcle.
Go Orange.
Score 0/12 Timer 02:00
0 Plays Today
Province % Correct
Zuid-Holland
95.4%
Noord-Holland
95.4%
Friesland
94.1%
Zeeland
92.4%
Utrecht
89.5%
Noord-Brabant
89.1%
Limburg
88.7%
Groningen
88.2%
Flevoland
87.4%
Gelderland
86.1%
Drenthe
84.9%
Overijssel
84%

You're not logged in!

Compare scores with friends on all Sporcle quizzes.
OR
Log In

From the Vault

Number Grid

by Purple_Parrot

Now is not the time to head off the grid.
Remove Ads.
Support Sporcle.
Get the best of Sporcle when you Go Orange. This ad-free experience offers more features, more stats, and more fun while also helping to support Sporcle. Thank you for becoming a member.

Show Comments

Extras

Created Sep 24, 2009ReportNominate
Tags:Netherlands, Province

Top Quizzes Today


Score Distribution

Your Account Isn't Verified!

In order to create a playlist on Sporcle, you need to verify the email address you used during registration. Go to your Sporcle Settings to finish the process.

Report this User

Report this user for behavior that violates our Community Guidelines.

Details: